000 00739nam a2200205Ii 4500
003 JO-AjNU
008 230605s9999||||xx |||||||||||||| ||und||
040 _aJO-AjNU
_bara
_erda
_cJO-AjNU
041 _aara
050 1 4 _aBP184.25.J3545 1995
100 3 _aالجمل، ابراهيم,
_eauthor
_921122
245 0 0 _aالخطابة المعاصرة للجمعة -والعيدين- والمناسبات- وعند القبر
250 _aط1
264 3 1 _aالمنصورة: مكتبة الايمان، 1995
300 _a160ص
336 _atext
_btxt
_2rdacontent
337 _aunmediated
_bn
_2rdamedia
338 _avolume
_bnc
_2rdacarrier
650 4 _aالخطب الدينية الاسلامية- الوعظ والارشاد
_921123
999 _aA7285
_c10853
_d10853